Локальные математические модели систем управления

Detalles Bibliográficos
Autor Principal: Пухов Г. Е. Георгий Евгеньевич
Autor Corporativo: Академия наук Украинской ССР (АН УССР) Институт кибернетики (ИК)
Outros autores: Хатиашвили Ц. С. Циала Соломоновна
Summary:В книге изложены некоторые частные методы построения моделей объектов с неполной информацией. Особое внимание уделено построению локальных математических моделей для самонастраивающихся систем управления. Дан общий критерий приближения функции, из которого как частные случаи получаются критерии интерполирования и приближения случайных функций. Книга рассчитана на широкий круг научных работников, аспирантов и студентов, интересующихся вопросами управления сложными объектами.
Idioma:ruso
Publicado: Киев, Наукова думка, 1971
Subjects:
Formato: MixedMaterials Libro
KOHA link:https://koha.lib.tpu.ru/cgi-bin/koha/opac-detail.pl?biblionumber=194003

MARC

LEADER 00000nam0a2200000 4500
001 194003
005 20231031182142.0
035 |a (RuTPU)RU\TPU\book\211558 
090 |a 194003 
100 |a 20110401d1971 k y0rusy50 ca 
101 0 |a rus 
102 |a UA 
105 |a a z 001zy 
200 1 |a Локальные математические модели систем управления  |f Г. Е. Пухов, Ц. С. Хатиашвили  |g Академия наук Украинской ССР (АН УССР), Институт кибернетики (ИК) 
210 |a Киев  |c Наукова думка  |d 1971 
215 |a 200 с.  |c ил. 
320 |a Список литературы: с. 195-198. 
330 |a В книге изложены некоторые частные методы построения моделей объектов с неполной информацией. Особое внимание уделено построению локальных математических моделей для самонастраивающихся систем управления. Дан общий критерий приближения функции, из которого как частные случаи получаются критерии интерполирования и приближения случайных функций. Книга рассчитана на широкий круг научных работников, аспирантов и студентов, интересующихся вопросами управления сложными объектами. 
610 1 |a автоматические системы управления 
610 1 |a математическое моделирование 
610 1 |a локальные модели 
610 1 |a самонастраивающиеся системы 
610 1 |a алгоритмы 
610 1 |a электронные цепи 
610 1 |a распознавание 
610 1 |a труды учёных ТПУ 
675 |a 621.01  |v 3 
675 |a 62-501.72  |v 3 
700 1 |a Пухов  |b Г. Е.  |c российский ученый, специалист в области электротехники  |c профессор Томского политехнического университета  |f 1916-1998  |g Георгий Евгеньевич  |2 stltpush  |3 (RuTPU)RU\TPU\pers\19855 
701 1 |a Хатиашвили  |b Ц. С.  |g Циала Соломоновна 
712 0 2 |a Академия наук Украинской ССР (АН УССР)  |b Институт кибернетики (ИК)  |2 stltpush  |3 (RuTPU)RU\TPU\col\11437 
801 1 |a RU  |b 63413507  |c 20110401 
801 2 |a RU  |b 63413507  |c 20220128  |g RCR 
942 |c BK